Statistics for Countries Ending With "-ea"

Click here to take the quiz!

General Stats

  • This quiz has been taken 19 times
  • The average score is 4 of 6

Answer Stats

Country % Correct
Guinea
87%
Papua New Guinea
67%
Equatorial Guinea
67%
South Korea
60%
North Korea
60%
Eritrea
60%

Score Distribution

Percentile by Number Answered

Percent of People with Each Score

Your Score History

You have not taken this quiz